Tools for education policy analysis (Record no. 59970)
[ view plain ]
| 000 -LEADER | |
|---|---|
| fixed length control field | 00715nam a2200181 a 4500 |
| 008 - FIXED-LENGTH DATA ELEMENTS--GENERAL INFORMATION | |
| fixed length control field | 120416s2003 ||||||||||||||||| || u |
| 050 ## - LIBRARY OF CONGRESS CALL NUMBER | |
| Classification number | LB 2822.75 Min |
| 100 ## - MAIN ENTRY--PERSONAL NAME | |
| Personal name | Mingat, Alain |
| 245 10 - TITLE STATEMENT | |
| Title | Tools for education policy analysis |
| 260 ## - PUBLICATION, DISTRIBUTION, ETC. | |
| Place of publication, distribution, etc. | Washington, D.C: |
| Name of publisher, distributor, etc. | World Bank |
| Date of publication, distribution, etc. | 2003 |
| 350 ## - PRICE (NR) (BK AM CF MU VM SE) [OBSOLETE] | |
| Price | 0.00 |
| 650 ## - SUBJECT ADDED ENTRY--TOPICAL TERM | |
| Topical term or geographic name entry element | EDUCATIONAL EVALUATION--METHODOLOGY |
| 650 ## - SUBJECT ADDED ENTRY--TOPICAL TERM | |
| Topical term or geographic name entry element | EDUCATION--DEVELOPING COUNTRIES--COST EFFECTIVENESS |
| 650 ## - SUBJECT ADDED ENTRY--TOPICAL TERM | |
| Topical term or geographic name entry element | EDUCATIONAL EVALUATION--DEVELOPING COUNTRIES |
| 700 ## - ADDED ENTRY--PERSONAL NAME | |
| Personal name | Tan, Jee-Peng |
| 700 ## - ADDED ENTRY--PERSONAL NAME | |
| Personal name | Sosale, Shobhana |
| 995 ## - RECOMMENDATION 995 [LOCAL, UNIMARC FRANCE] | |
| -- | 0.00 |
| -- | CBU-MAIN LIBRARY (Kitwe) |
| -- | 1 |
| -- | 0.00 |
| -- | 1 |
| -- | AVAILABLE |
| -- | Nov 26, 2007 |
| -- | Main Library Open Access Collection |
| Withdrawn status | Lost status | Source of classification or shelving scheme | Damaged status | Not for loan | Home library | Current library | Shelving location | Date acquired | Total Checkouts | Full call number | Barcode | Date last seen | Price effective from | Koha item type |
|---|---|---|---|---|---|---|---|---|---|---|---|---|---|---|
| CBU-MAIN LIBRARY, KITWE. | CBU-MAIN LIBRARY, KITWE. | 11/30/2022 | LB 2822.75 Min | 40307 | 11/30/2022 | 11/30/2022 | MONOGRAPH |